Влияние рисков на инвестиционный потенциал Арктического континентального шельфа Российской Федерации; Известия Томского политехнического университета [Известия ТПУ]; Т. 321, № 6 : Экономика. Философия, социология и культурология. История

Bibliographic Details
Parent link:Известия Томского политехнического университета [Известия ТПУ]/ Томский политехнический университет (ТПУ).— , 2000-
Т. 321, № 6 : Экономика. Философия, социология и культурология. История.— 2012.— [С. 44-47]
Main Author: Болсуновская Л. М. Людмила Михайловна
Other Authors: Болсуновская Ю. А. Юлия Александровна
Summary:Заглавие с титульного листа
Электронная версия печатной публикации
Рассмотрены факторы формирования инвестиционного климата, а также виды рисков, влияющих на инвестиционный потенциал Арктического континентального шельфа РФ. Описаны последствия их воздействия и степень влияния на реализацию нефтегазовых проектов в регионе.
Language:Russian
Published: 2012
Series:Экономика
Subjects:
Online Access:http://earchive.tpu.ru/bitstream/11683/4563/1/bulletin_tpu-2012-321-6-08.pdf
Format: Electronic Book Chapter
KOHA link:https://koha.lib.tpu.ru/cgi-bin/koha/opac-detail.pl?biblionumber=233553

MARC

LEADER 00000nla2a2200000 4500
001 233553
005 20241016154234.0
035 |a (RuTPU)RU\TPU\book\254631 
035 |a RU\TPU\book\254629 
090 |a 233553 
100 |a 20130305d2012 k y0rusy50 ca 
101 0 |a rus 
102 |a RU 
135 |a drnn ---uucaa 
181 0 |a i  
182 0 |a b 
200 1 |a Влияние рисков на инвестиционный потенциал Арктического континентального шельфа Российской Федерации  |f Л. М. Болсуновская, Ю. А. Болсуновская 
203 |a Текст  |c электронный 
215 |a 1 файл (116 Кб) 
225 1 |a Экономика 
300 |a Заглавие с титульного листа 
300 |a Электронная версия печатной публикации 
320 |a [Библиогр.: с. 47 (6 назв.)] 
330 |a Рассмотрены факторы формирования инвестиционного климата, а также виды рисков, влияющих на инвестиционный потенциал Арктического континентального шельфа РФ. Описаны последствия их воздействия и степень влияния на реализацию нефтегазовых проектов в регионе. 
337 |a Adobe Reader 
461 1 |0 (RuTPU)RU\TPU\book\176237  |t Известия Томского политехнического университета [Известия ТПУ]  |f Томский политехнический университет (ТПУ)  |d 2000- 
463 1 |0 (RuTPU)RU\TPU\book\254614  |x 1684-8519  |t Т. 321, № 6 : Экономика. Философия, социология и культурология. История  |v [С. 44-47]  |d 2012  |p 264 с. 
610 1 |a Арктический континентальный шельф 
610 1 |a углеводороды 
610 1 |a инвестиционный климат 
610 1 |a риски 
610 1 |a углеводородный проект 
610 1 |a инвестиционные издержки 
610 1 |a труды учёных ТПУ 
610 1 |a электронный ресурс 
700 1 |a Болсуновская  |b Л. М.  |c лингвист  |c доцент Томского политехнического университета, кандидат филологических наук  |f 1966-  |g Людмила Михайловна  |3 (RuTPU)RU\TPU\pers\26830  |9 12449 
701 1 |a Болсуновская  |b Ю. А.  |c экономист  |c эксперт Томского политехнического университета  |f 1987-  |g Юлия Александровна  |y Томск  |3 (RuTPU)RU\TPU\pers\30483  |9 14807 
801 1 |a RU  |b 63413507  |c 20090623  |g PSBO 
801 2 |a RU  |b 63413507  |c 20220124  |g PSBO 
856 4 |u http://earchive.tpu.ru/bitstream/11683/4563/1/bulletin_tpu-2012-321-6-08.pdf 
942 |c CF